000 01491nam a2200193 a 4500
005 20260322212043.0
008 data
099 _aDVD 1032
245 0 0 _aReady player one.
_cedited by Steven Spielberg, Tye Sheridan & Olivia Cook.
260 _aBurbank, CA :
_bWarner Bros. Home Entertainment,
_c2018.
300 _a1 videodisc (approximately 140 min.) : sound, color ;
_b4 3/4 in.
500 _aOriginally released as a motion picture in 2018./ Based on the novel by Ernest Cline./ Wide screen./ Participants: Tye Sheridan, Olivia Cooke, Ben Mendelsohn, Lena Waithe, T.J. Miller, Simon Pegg, Mark Rylance./ Audience: MPAA rating: PG-13; for sequences of sci-fi action violence, bloody images, some suggestive material, partial nudity and language.
520 _aIt's 2045, with the world on the brink of chaos and collapse, but the people have found salvation in the OASIS, an expansive virtual reality created by the brilliant and eccentric James Halliday. When Halliday dies s, he leaves his immense fortune to the first person to find a digital Easter egg he has hidden somewhere in the OASIS, sparking a contest that grips the entire world. When an unlikely young hero named Wade Watts decides to join the contest, he is hurled into a breakneck, reality bending treasure hunt through a fantastical universe of mystery, discovery and danger.
650 0 _aScience fiction films
700 1 _aSpielberg, Steven,
_d1947-
700 1 _aSheridan, Tye
700 1 _aCook, Olivia
001 data
999 _c1020
_d1020